000 00757nam a22002057a 4500
999 _c533003
_d533003
003 NUST
005 20191210110534.0
008 191210b ||||| |||| 00| 0 eng d
038 _aIESE
082 _a363.7
_bSAI
100 _aSaima
_926655
245 _aInvestigation of antibiotic resistance genes(ARGs) in bacteria isolated from environmental samples
_cSaima
260 _aIslamabad
_bIESE (SCEE) NUST
_c2019
300 _a76p.
_bH.B
440 _aMS Environmental Science
_91724
500 _aThesis MS ES
650 _aEnvironmental Science
_91725
700 _4Dr. Muhammad Arshad (Supervisor)
942 _2ddc
_cTHE
_kIESE